000 00851nam a2200217 a 4500
001 BRCA_4522
005 20190320204713.0
008 210910s1929----enka######---#000-0#eng-#
041 _aeng
044 _aenk
050 4 _aNK1125
_b.H36 1
_c1929
100 1 _aHanchant, W. L.
_911453
245 1 0 _aThe Book of Antiques
_ba collection of authoritative articles on various aspects of antique collecting written for the information and delight of both the professional and amateur collector and ilustrated by many photographs never before published
_cthe whole collected and edited by W. L. Hanchant.
260 _aLondres
_bArts and Crafts
_c1929
300 _a160 p. (v.2)
_bil. (algunas a color)
_c25 cm.
500 _aVer tambiƩn D4 (v.1)
500 _aD3
650 1 4 _aArte
_xColeccionistas y colecciones
_97445
902 _aGFM
942 _2lcc
_cB
999 _c4228
_d4228